000 00704cam a22002531 4500
001 45105
003 BD-RjUL
005 20211209053949.0
008 160723s1968 maua b 000 0 eng
035 _a(BD-RjUL)45223
035 _a(OCoLC)168884
040 _aDLC
_cODaWU
_dOCoLC
_dDLC
_dBD-RjUL
_beng
041 _aeng
082 0 0 _a338.52
_218
_bWAP 1968
100 1 _aWatson, Donald Stevenson.
_912597
245 1 0 _aPrice theory and its uses /
_cDonald Stevenson Watson.
250 _a2nd edi.
260 _aBoston :
_bHoughton Mifflin,
_c1968
300 _a443 p. :
_bill. ;
_c25 cm.
504 _aIncludes bibliography.
650 0 _aPrices.
_912598
942 _2ddc
_cBK
999 _c45105
_d45105